| 000 | 00840nam a2200253Ia 4500 | ||
|---|---|---|---|
| 008 | 160319s9999 xx 000 0 und d | ||
| 245 | _aLandmarks and civilization / | ||
| 245 | _cDiscovery Channel ; Discovery Channel Education. | ||
| 260 | _aQuezon City : | ||
| 260 | _bDistributed by MagnaVision Inc., | ||
| 260 | _c2005 | ||
| 300 | _a1 DVD-video (approximately 25 min.) : | ||
| 300 | _bdigital, sound, color ; | ||
| 300 | _c4 3/4 in. | ||
| 440 | _aDiscovery Channel School. Social science. | ||
| 500 | _aSocial Studies : Grade Level 3-6. | ||
| 650 | _aArchitecture and society. | ||
| 650 | _aGreat Wall of China (China) | ||
| 650 | _aPueblo Indians. | ||
| 700 | _aDe Leon Edward., author. | ||
| 700 | _aDiscovery Channel Education (Firm) | ||
| 700 | _aHolt, Helen Devitt., author. | ||
| 700 | _aMagnaVision Inc. | ||
| 999 |
_c292403 _d292403 |
||